000 00315nam a2200145Ia 4500
100 _aStones/Richard/ Matthew/neil
250 _a2
942 _cBK
654 _alinux
245 _aBeginning Linux programming
260 _bShroff Publishers
_c2002
082 _a5.133
_bSTO
300 _a945
546 _aENGLISH
999 _c21145
_d21145